000 00521nam a2200145Ia 4500
008 100204s9999 xx 000 0 und d
082 _b25825
100 _aदवणे प्रविण
245 _aघडणाऱ्या मुलांसाठी
260 _b"नवचैतन्य प्रकाशन, मुंबई"
_c2003-3
300 _a96
630 _aघडणाऱ्या मुलांसाठी
730 _aघडणाऱ्या मुलांसाठी
942 _cBOOK
999 _c471006
_d471003